WWE Champions by Year - 1992 - Statistics

General Stats
  • This quiz has been taken 193 times
  • The average score is 11 of 15
Answer Stats
Title Date Event Wrestler % Correct
WWE Championship January 19 Royal Rumble Ric Flair
97%
WWE Championship September 14 Prime Time Wrestling Ric Flair
97%
WWE Championship October 12 House show Bret Hart
96%
Intercontinental April 5 WrestleMania VIII Bret Hart
96%
WWE Championship April 5 WrestleMania VIII Randy Savage
94%
Intercontinental November 14 Saturday Night's Main Event Shawn Michaels
87%
Intercontinental August 29 SummerSlam The British Bulldog
75%
Intercontinental January 19 Royal Rumble Roddy Piper
71%
Tag Team February 7 House show Ted DiBiase
68%
Tag Team October 13 Wrestling Challenge Ted DiBiase
68%
Tag Team February 7 House show Irwin R. Schyster
62%
Tag Team October 13 Wrestling Challenge Irwin R. Schyster
62%
Intercontinental January 17 House show The Mountie
59%
Tag Team July 20 House show Earthquake
56%
Tag Team July 20 House show Typhoon
54%
No matching quizzes found
Score Distribution
Percent of People with Each Score
Percentile by Number Answered
Your Score History
You have not taken this quiz